Legislación universitaria : Código de las Siete Partidas /

Este texto reproduce las leyes de las Siete Partidas relativas al ámbito educativo. Las Siete Partidas contiene legislación del mundo hispánico compilada y codificada por Alfonso X El Sabio en 1256.

Gorde:
Xehetasun bibliografikoak
Egile nagusia: Alfonso X El Sabio (autor)
Beste egile batzuk: Lemus Talavera, Agustín G. (prólogo) (prólogo)
Formatua: Liburua
Hizkuntza:gaztelania
Argitaratua: México : Universidad Intercontinental, 1981, c1981
Saila:(Ediciones de la Rectoría ; 3)
Gaiak:
Etiketak: Etiketa erantsi
Etiketarik gabe, Izan zaitez lehena erregistro honi etiketa jartzen!

MARC

LEADER 00000nam^a2200000^a^4500
001 000026858
005 20250521000000.0
009 20260310084748.666
037 |a Acervo ITESO - Biblioteca 
041 |a ESP 
082 |a 348. 46  |b ALF 
100 |a Alfonso X El Sabio  |e (autor) 
240 1 5 |a [Las Siete Partidas de Alfonso X El Sabio] 
245 1 0 |a Legislación universitaria :  |b Código de las Siete Partidas /  |c Alfonso El Sabio ; pról. de A.G. Lemus Talavera. 
264 4 |a México :  |b Universidad Intercontinental,  |c 1981, c1981 
300 |a 32 p. 
336 |a texto  |b txt  |2 rdacontenido 
337 |a sin mediación  |b n  |2 rdamedio 
338 |a volumen  |b nc  |2 rdasoporte 
440 1 |a (Ediciones de la Rectoría ;  |v 3) 
520 |a Este texto reproduce las leyes de las Siete Partidas relativas al ámbito educativo. Las Siete Partidas contiene legislación del mundo hispánico compilada y codificada por Alfonso X El Sabio en 1256. 
649 |a XX 
650 |a Educación -  |z España -  |x Leyes y Reglamentos 
650 |a Derecho Medieval -  |z España -  |x Leyes y Reglamentos 
650 |a Derecho -  |z España -  |x Leyes y Reglamentos -  |x Tema Principal 
650 |a Derecho -  |z España -  |x Historia -  |x Período Arabe, 711-1492 
650 |a España -  |x Historia -  |y Período Arabe, 711-1492 -  |x Leyes y Reglamento 
650 |a España -  |x Leyes y Reglamentos 
700 |a Lemus Talavera, Agustín G.  |e (prólogo) 
910 |a Fondo General 
920 |a Impresos - Libros 
930 |a Colección General 
905 |a 101 
901 |a 0268580100  |b IT1  |c ACC  |i 026858  |u 20250521 
902 |a https://opac.biblio.iteso.mx/vufind/Record/000026858